| 000 | 00719cam a22002413a 4500 | ||
|---|---|---|---|
| 001 | 18338 | ||
| 003 | PGUSA | ||
| 005 | 20140828083405.0 | ||
| 008 | 060507s2006||||xxu|||||s|||||000 p eng d | ||
| 040 |
_aPGUSA _beng |
||
| 042 | _adc | ||
| 050 | 4 | _aPS | |
| 100 | 1 |
_aDunbar, Paul Laurence, _d1872-1906 |
|
| 245 | 1 | 4 |
_aThe Complete Poems of Paul Laurence Dunbar _h[electronic resource] / _cPaul Laurence Dunbar |
| 260 |
_bProject Gutenberg, _c2006 |
||
| 506 | _aPublic domain in the USA. | ||
| 516 | _aElectronic text | ||
| 653 | _aAfrican Americans -- Poetry | ||
| 700 | 1 |
_aHowells, William Dean, _d1837-1920 |
|
| 830 | 0 |
_aProject Gutenberg _v18338 |
|
| 856 | 4 | 0 | _uhttp://www.gutenberg.org/ebooks/18338 |
| 942 | _cEB | ||
| 999 |
_c247593 _d247593 |
||